000 00779nam a22002177a 4500
999 _c18004
_d18004
003 AR-CdUCM
008 190511b ||||| |||| 00| 0 spa d
040 _aMUNICIPALIDAD PROVINCIAL DEL CUSCO
_cBIBLIOTECA MUNICIPAL DEL CUSCO
082 _a160 /
_bC69
100 _aCohen, Morris R.
_938319
245 _aIntroducción a la lógica /
260 _aMéxico :
_bFondo de cultura económica,
_c1957.
300 _a254 páginas ;
_c18 cm.
505 _aContenido : El objetivo de la lógica formal -- ´Proposiciones y símbolos incompletos -- Significación e implicación ...
650 _aLógica
_92358
650 _aFormal
_920566
650 _aProposiciones
_926867
700 _aGortay, Eli de (Traducción)
_938320
942 _2ddc
_cLIBROS
945 _arah
_d11/05/2019